| 000 | 00840nam a22003257a 4500 | ||
|---|---|---|---|
| 005 | 20260427140836.0 | ||
| 008 | 250404b2021 |||||||| |||| 00| 0 spa d | ||
| 020 | _a9788418980015 | ||
| 041 | _aESP | ||
| 082 | _a617.692 C837p | ||
| 100 | _aCostales, Mónica | ||
| 245 | _aPrótesis, implantoprótesis y estética dental | ||
| 260 | _aEspaña | ||
| 260 | _bFormación Alcalá | ||
| 260 | _c2021 | ||
| 300 | _a82 páginas | ||
| 300 | _bIlustraciones a color | ||
| 490 | _aMecánica Dental | ||
| 650 | _aPRÓTESIS DENTALES | ||
| 650 | _aPROSTODONCIA | ||
| 650 | _aPÉRDIDA DE DIENTES | ||
| 650 | _aESTÉTICA DENTAL | ||
| 650 | _aPROTÉSIS REMOVIBLE | ||
| 650 | _aPRÓTESISIS FIJA | ||
| 650 | _aPRÓTESIS INMEDIATA | ||
| 650 | _aCORONAS | ||
| 650 | _aPUENTES | ||
| 650 | _aPRÓTESIS HÍBRIDA | ||
| 942 |
_2ddc _cBK |
||
| 999 |
_c13730 _d13730 |
||